000 00649nam a22002297a 4500
005 20251108173423.0
008 250721s9999 xx 000 0 ara d
020 _a9628684329
082 1 4 _aم/ط/413.2/قام
245 1 0 _aقاموسي الكبير /
264 1 _aد.م :
_bpublishing house limited،
300 _a132ص.
490 0 _atheir future
650 1 7 _aاللغة العربية
650 1 7 _aاللغة الانجليزية
650 1 7 _aالقواميس
650 1 7 _aالتعلم
653 _aناشاون صغار(10-14)سنه.
710 2 _aFROGS FOR RESEARCH DEVEIOPMENT
942 _2ddc
_cREF
999 _c103465
_d103465